000 00846nam a2200229 i 4500
001 bg
100 1 _aDmochowski, Zbigniew
_d(1931- ).
245 1 0 _aStudium właściwości przetworników wielkoprądowych do pieców łukowych w stanach ustalonych /
_cZbigniew Dmochowski.
260 _aBiałystok :
_bDział Wydawnictw i Poligrafii,
_c1997.
300 _a190 s. :
_bfot., rys., wykr. ;
_c23 cm.
490 1 _aRozprawy Naukowe / Politechnika Białostocka,
_x0867-096X ;
_vNr 53
504 _aBibliogr. s. 186-190.
650 9 _aPrzetworniki
_xbadanie
650 9 _aPiec łukowy
_xzagadnienia
710 0 _aPOLITECHNIKA BIAŁOSTOCKA (Białystok)
830 0 _aRozprawy Naukowe (Politechnika Białostocka) ;
_vNr 53
040 _cBPK
041 0 _apl
080 _a621.314:669.041
942 _cKS
008 s pl f |000 0 pol
999 _c32774
_d32774
856 _uhttp://koha.tu.koszalin.pl/cgi-bin/koha/opac-detail.pl?biblionumber=32774
_yKatalog online BPK